000 00765cab a2200217 4500
001 WB2505-37
008 090401t1989 xxu||||| |||| 00| 0 eng d
035 _a(Sirsi) u47662
041 _aeng
245 _aProperty unit trusts
260 _c1989
350 _a0
490 _aFinancial Times
_v31/1/89 p8
520 _aHighlights key elements of a consultative paper issued by SIB which should pave the way for investment by individuals in property unit trusts . One of the proposals is that property should be valued regularly by surveyors acting independently of the trusts themselves.
650 _aASSET VALUATION
650 _aUNITISATION
650 _aValuation
_96273
690 _aPROPERTY LAW AND PRACTICE
942 _n0
948 _c04/03/1997
999 _c30042
_d30042